Słowa po angielsku - Statystyki

Ogólne statystyki
  • Ten quiz został rozwiązany 122 razy
  • Średni wynik to 6 z 15
Statystyki odpowiedzi
Polski Angielski % Poprawnych
przystojny handsome
75%
dorosły adult
74%
atrakcyjny attractive
73%
wyglądać jak look like
69%
szczupły slim
53%
dobrze wyglądający( atrakcyjny ) good-looking
51%
być podobnym do be similar to
32%
opis description
30%
chudy thin
29%
dobrze zbudowany well-built
29%
mieć nadwagę be overweight
25%
w podeszłym wieku elderly
11%
nastoletni in his teens
2%
po dwudziestce in his twenties
1%
być średniego wzrostu be of medium hight
0%
Nie znaleziono quizów pasujących do podanych kryteriów
Rozkład punktacji
Procent ludzi z każdym wynikiem
Percentyl według liczby udzielonych odpowiedzi
Twoja historia wyników
Nie rozwiązałeś tego quizu